Hiragana et Katakana - Ordre fixe - Statistiques

Statistiques générales
  • Ce quiz a été pris 30 fois
  • Le résultat moyen est 80 sur 92
Statistiques - réponses
Kana Romanji % Correct
a
100%
chi
100%
e
100%
fu
100%
i
100%
ka
100%
ko
100%
ku
100%
ma
100%
n
100%
na
100%
no
100%
o
100%
se
100%
shi
100%
so
100%
su
100%
te
100%
to
100%
tsu
100%
u
100%
yu
100%
a
93%
ha
93%
he
93%
hi
93%
ke
93%
ki
93%
me
93%
mi
93%
mo
93%
mu
93%
ni
93%
ra
93%
re
93%
ri
93%
ro
93%
ru
93%
sa
93%
ta
93%
wa
93%
ya
93%
yo
93%
e
87%
he
87%
i
87%
ka
87%
n
87%
ne
87%
nu
87%
o
87%
wo
87%
chi
80%
fu
80%
ha
80%
hi
80%
ho
80%
ho
80%
ki
80%
ko
80%
ku
80%
ma
80%
me
80%
mi
80%
mo
80%
na
80%
ni
80%
no
80%
re
80%
ri
80%
ro
80%
ru
80%
sa
80%
se
80%
shi
80%
su
80%
te
80%
to
80%
tsu
80%
u
80%
ya
80%
yo
80%
mu
73%
ne
73%
ra
73%
so
73%
ta
73%
wa
73%
yu
73%
ke
67%
nu
67%
wo
60%
Aucun quiz correspondant
Distribution des résultats
% des personnes avec chaque résultat
Percentile par nombre de réponses
Votre historique - résultats
Vous n’avez pas pris ce quiz